KUNJIKOONAN (Record no. 1123)
[ view plain ]
| 000 -LEADER | |
|---|---|
| fixed length control field | 00363nam a22001577a 4500 |
| 020 ## - INTERNATIONAL STANDARD BOOK NUMBER | |
| ISBN | 81-264-0102-8 |
| 082 ## - DEWEY DECIMAL CLASSIFICATION NUMBER | |
| Classification number | 894.812.3 |
| Item number | NAR/K |
| 100 ## - MAIN ENTRY--AUTHOR NAME | |
| Personal name | P NARENDRANATH |
| 245 ## - TITLE STATEMENT | |
| Title | KUNJIKOONAN |
| 250 ## - EDITION STATEMENT | |
| Edition statement | FIRST |
| 260 ## - PUBLICATION, DISTRIBUTION, ETC. (IMPRINT) | |
| Name of publisher | MAMBAZHAM |
| Year of publication | 2016 |
| 300 ## - PHYSICAL DESCRIPTION | |
| Number of Pages | 79 |
| 520 ## - SUMMARY, ETC. | |
| Summary, etc | CHILDHOOD STORIES OF KUNJIKOONAN |
| 650 ## - SUBJECT ADDED ENTRY--TOPICAL TERM | |
| Topical Term | SHORT STORY MALAYALAM |
| Geographic subdivision | KERALA |
| 942 ## - ADDED ENTRY ELEMENTS (KOHA) | |
| Koha item type | Books |
| Withdrawn status | Lost status | Collection code | Home library | Current library | Shelving location | Date acquired | Source of acquisition | Cost, normal purchase price | Full call number | Accession Number | Koha item type |
|---|---|---|---|---|---|---|---|---|---|---|---|
| Fiction | Main Library | Main Library | SHELF-6C MALAYALAM SHORT STORIES | 07/11/2016 | PURCHASE | 60.00 | 894.812.3 NAR/K | 09809 | Books | ||
| Reference | Main Library | Main Library | SHELF-16D -ENGLISH GRAMMAR ,POEMS | 12/09/2023 | PURCHASE | 35.00 | 894.812.3 NAR/K | 04059 | Books |